<?xml version="1.0" encoding="UTF-8"?>
<record
    xmlns:xsi="http://www.w3.org/2001/XMLSchema-instance"
    xsi:schemaLocation="http://www.loc.gov/MARC21/slim http://www.loc.gov/standards/marcxml/schema/MARC21slim.xsd"
    xmlns="http://www.loc.gov/MARC21/slim">

  <leader>02338nam a2200361 i 4500</leader>
  <controlfield tag="003">DO-SdBNP</controlfield>
  <controlfield tag="005">20260602131214.0</controlfield>
  <controlfield tag="007">ta</controlfield>
  <controlfield tag="008">230919b2023    dr ||||| |||| 00| 0 spa d</controlfield>
  <datafield tag="020" ind1=" " ind2=" ">
    <subfield code="a">9789945183986</subfield>
  </datafield>
  <datafield tag="040" ind1=" " ind2=" ">
    <subfield code="a">DO-SdBNP</subfield>
    <subfield code="b">spa</subfield>
    <subfield code="c">BNPHU</subfield>
    <subfield code="e">rda</subfield>
  </datafield>
  <datafield tag="082" ind1=" " ind2="4">
    <subfield code="a">320.97293</subfield>
    <subfield code="b">L925p</subfield>
    <subfield code="2">22</subfield>
  </datafield>
  <datafield tag="100" ind1="1" ind2=" ">
    <subfield code="a">Lozano, Wilfredo</subfield>
    <subfield code="d">1950-</subfield>
    <subfield code="e">autor</subfield>
    <subfield code="9">7126</subfield>
  </datafield>
  <datafield tag="245" ind1="1" ind2="3">
    <subfield code="a">La pol&#xED;tica del poder :</subfield>
    <subfield code="b">la crisis de la democracia dominicana en el siglo xxi /</subfield>
    <subfield code="c">Wilfredo Lozano ; correcci&#xF3;n Amara Vera</subfield>
  </datafield>
  <datafield tag="250" ind1=" " ind2=" ">
    <subfield code="a">Segunda edici&#xF3;n actualizada y corregida</subfield>
  </datafield>
  <datafield tag="264" ind1=" " ind2="4">
    <subfield code="a">Santo Domingo :</subfield>
    <subfield code="b">Facultad Latinoamericana de Ciencias Sociales (FLACSO), Programa Rep&#xFA;blica Dominicana,</subfield>
    <subfield code="c">&#xA9;2023</subfield>
  </datafield>
  <datafield tag="300" ind1=" " ind2=" ">
    <subfield code="a">544 p&#xE1;ginas ;</subfield>
    <subfield code="b">ilustraciones ; cuadros, gr&#xE1;ficos,</subfield>
    <subfield code="c">23 cm.</subfield>
  </datafield>
  <datafield tag="336" ind1=" " ind2=" ">
    <subfield code="2">rdacontent</subfield>
    <subfield code="a">texto</subfield>
    <subfield code="b">txt</subfield>
  </datafield>
  <datafield tag="337" ind1=" " ind2=" ">
    <subfield code="2">rdamedia</subfield>
    <subfield code="a">sin mediaci&#xF3;n</subfield>
    <subfield code="b">n</subfield>
  </datafield>
  <datafield tag="338" ind1=" " ind2=" ">
    <subfield code="0">rdacarrier</subfield>
    <subfield code="2">volumen</subfield>
    <subfield code="a">nc</subfield>
  </datafield>
  <datafield tag="500" ind1=" " ind2=" ">
    <subfield code="a">Incluye datos biogr&#xE1;ficos del autor en las solapas</subfield>
  </datafield>
  <datafield tag="500" ind1=" " ind2=" ">
    <subfield code="a">Incluye raferencia bibliogr&#xE1;ficas y notas al pie de las p&#xE1;ginas </subfield>
  </datafield>
  <datafield tag="500" ind1=" " ind2=" ">
    <subfield code="a">Incluye &#xED;ndices</subfield>
  </datafield>
  <datafield tag="504" ind1=" " ind2=" ">
    <subfield code="a">Bibliograf&#xED;a : p&#xE1;ginas, 481-513</subfield>
  </datafield>
  <datafield tag="505" ind1=" " ind2=" ">
    <subfield code="a">Segunda edici&#xF3;n ampliada revisada. Un libro acad&#xE9;mico sobre la democracia dominicana, su crisis, los partidos pol&#xED;ticos, la pol&#xED;tica y el gobierno en la Rep&#xFA;blica Dominicana desde los a&#xF1;os 1990 hasta la actualidad. Wilfredo Lozano es un reconocido soci&#xF3;logo. Fue galardonado con el Premio Nacional de Ciencias Sociales de la Fundaci&#xF3;n Corripio. Entre sus publicaciones se encuentran Los trabajadores del capitalismo exportador (2001), Despu&#xE9;s de los caudillos (2004), Las paradojas de las migraciones: el estado dominicano frente a la inmigraci&#xF3;n haitiana (2008), La raz&#xF3;n democr&#xE1;tica: pol&#xED;tica, desarrollo y clientelismo en la democracia dominicana (2013) y La pol&#xED;tica del poder: la crisis de la democracia dominicana en el siglo XXI (2017), El reformismo dependiente, pol&#xED;tica, econom&#xED;a y sociedad en el gobierno de los doce a&#xF1;os de Joaqu&#xED;n Balaguer 1966-1978 (1985-2020)</subfield>
  </datafield>
  <datafield tag="590" ind1=" " ind2=" ">
    <subfield code="a">Inventariado, 2023/BT</subfield>
  </datafield>
  <datafield tag="650" ind1=" " ind2="7">
    <subfield code="a">Democracia </subfield>
    <subfield code="9">286</subfield>
  </datafield>
  <datafield tag="650" ind1=" " ind2="7">
    <subfield code="a">Partidos pol&#xED;ticos</subfield>
    <subfield code="z">Rep&#xFA;blica Dominicana</subfield>
    <subfield code="2">LIBRUNAM</subfield>
    <subfield code="9">285</subfield>
  </datafield>
  <datafield tag="651" ind1=" " ind2="7">
    <subfield code="a">Rep&#xFA;blica Dominicana</subfield>
    <subfield code="x">Pol&#xED;tica y gobierno</subfield>
    <subfield code="y">Siglo XXI</subfield>
    <subfield code="2">LIBRUNAM</subfield>
    <subfield code="9">81298</subfield>
  </datafield>
  <datafield tag="700" ind1=" " ind2=" ">
    <subfield code="a">Vera, Aimara,</subfield>
    <subfield code="e">correcci&#xF3;n</subfield>
    <subfield code="9">77925</subfield>
  </datafield>
  <datafield tag="910" ind1=" " ind2=" ">
    <subfield code="a">Btav&#xE1;rez</subfield>
  </datafield>
  <datafield tag="942" ind1=" " ind2=" ">
    <subfield code="2">ddc</subfield>
    <subfield code="c">LBS1</subfield>
  </datafield>
  <datafield tag="952" ind1=" " ind2=" ">
    <subfield code="0">0</subfield>
    <subfield code="1">0</subfield>
    <subfield code="2">ddc</subfield>
    <subfield code="5">1</subfield>
    <subfield code="7">0</subfield>
    <subfield code="8">PD</subfield>
    <subfield code="a">BNPHU</subfield>
    <subfield code="b">BNPHU</subfield>
    <subfield code="c">HD</subfield>
    <subfield code="d">2023-09-19</subfield>
    <subfield code="e">Deposito legal</subfield>
    <subfield code="l">0</subfield>
    <subfield code="o">BNPHU PD 320.97293 L925p 2023</subfield>
    <subfield code="p">2023-6137</subfield>
    <subfield code="r">2023-09-19</subfield>
    <subfield code="w">2023-09-19</subfield>
    <subfield code="y">LBS1</subfield>
  </datafield>
  <datafield tag="952" ind1=" " ind2=" ">
    <subfield code="0">0</subfield>
    <subfield code="1">0</subfield>
    <subfield code="2">ddc</subfield>
    <subfield code="5">1</subfield>
    <subfield code="7">0</subfield>
    <subfield code="8">PD</subfield>
    <subfield code="a">BNPHU</subfield>
    <subfield code="b">BNPHU</subfield>
    <subfield code="c">HD</subfield>
    <subfield code="d">2023-09-19</subfield>
    <subfield code="e">Deposito legal</subfield>
    <subfield code="l">0</subfield>
    <subfield code="o">BNPHU PD 320.97293 L925p 2023</subfield>
    <subfield code="p">2023-6138</subfield>
    <subfield code="r">2023-09-19</subfield>
    <subfield code="t">e.2</subfield>
    <subfield code="w">2023-09-19</subfield>
    <subfield code="y">LBS1</subfield>
  </datafield>
  <datafield tag="952" ind1=" " ind2=" ">
    <subfield code="0">0</subfield>
    <subfield code="1">0</subfield>
    <subfield code="2">ddc</subfield>
    <subfield code="5">6</subfield>
    <subfield code="7">0</subfield>
    <subfield code="8">DS</subfield>
    <subfield code="a">BNPHU</subfield>
    <subfield code="b">BNPHU</subfield>
    <subfield code="c">HD</subfield>
    <subfield code="d">2023-09-19</subfield>
    <subfield code="e">Deposito legal</subfield>
    <subfield code="l">0</subfield>
    <subfield code="o">BNPHU DS 320.97293 L925p 2023</subfield>
    <subfield code="p">2023-6139</subfield>
    <subfield code="r">2023-09-19</subfield>
    <subfield code="t">e.3</subfield>
    <subfield code="w">2023-09-19</subfield>
    <subfield code="y">LBS1</subfield>
  </datafield>
  <datafield tag="952" ind1=" " ind2=" ">
    <subfield code="0">0</subfield>
    <subfield code="1">0</subfield>
    <subfield code="2">ddc</subfield>
    <subfield code="5">6</subfield>
    <subfield code="7">0</subfield>
    <subfield code="8">DS</subfield>
    <subfield code="a">BNPHU</subfield>
    <subfield code="b">BNPHU</subfield>
    <subfield code="c">HD</subfield>
    <subfield code="d">2023-09-19</subfield>
    <subfield code="e">Donaci&#xF3;n</subfield>
    <subfield code="l">0</subfield>
    <subfield code="o">BNPHU DS 320.97293 L925p 2023</subfield>
    <subfield code="p">2023-6140</subfield>
    <subfield code="r">2023-09-19</subfield>
    <subfield code="t">e.4</subfield>
    <subfield code="w">2023-09-19</subfield>
    <subfield code="y">LBS1</subfield>
  </datafield>
  <datafield tag="952" ind1=" " ind2=" ">
    <subfield code="0">0</subfield>
    <subfield code="1">0</subfield>
    <subfield code="2">ddc</subfield>
    <subfield code="5">6</subfield>
    <subfield code="7">0</subfield>
    <subfield code="8">DS</subfield>
    <subfield code="a">BNPHU</subfield>
    <subfield code="b">BNPHU</subfield>
    <subfield code="c">HD</subfield>
    <subfield code="d">2023-09-19</subfield>
    <subfield code="e">Donaci&#xF3;n</subfield>
    <subfield code="l">0</subfield>
    <subfield code="o"> BNPHU DS 320.97293 L925p 2023</subfield>
    <subfield code="p">2023-6141</subfield>
    <subfield code="r">2023-09-19</subfield>
    <subfield code="t">e.5</subfield>
    <subfield code="w">2023-09-19</subfield>
    <subfield code="y">LBS1</subfield>
  </datafield>
  <datafield tag="999" ind1=" " ind2=" ">
    <subfield code="c">54832</subfield>
    <subfield code="d">54832</subfield>
  </datafield>
</record>
